000 00639nam a2200229Ii 4500
003 JO-AjNU
008 230605s9999||||xx |||||||||||||| ||und||
017 _a1976/2985
020 _a977-7736-22-0
040 _aJO-AjNU
_bara
_erda
_cJO-AjNU
041 _aara
050 1 4 _aPJ6151.I2645 1976
100 3 _aالهبي، محمد,
_eauthor
_915695
245 0 0 _aنحو..القرآن
250 _aط1
264 3 1 _aالقاهرة: مكتبة وهبة، 1976
300 _a166ص
336 _atext
_btxt
_2rdacontent
337 _aunmediated
_bn
_2rdamedia
338 _avolume
_bnc
_2rdacarrier
650 4 _aنحو-القرآن
_915696
999 _aA4492
_c8060
_d8060